Chanteurs francophones en photos - Statistiques

Statistiques générales
  • Ce quiz a été pris 1 029 fois
  • Le résultat moyen est 10 sur 16
Statistiques - réponses
Par images Réponse % Correct
Maitre Gims
98%
Celine Dion
94%
Renaud
91%
Pascal Obispo
90%
Zaz
88%
Michel Sardou
73%
Michel Polnareff
68%
La Fouine
66%
Jacques Brel
62%
Alain Souchon
57%
Christine and the Queens
54%
Francis Lalanne
45%
Corneille
41%
Zaho
39%
Pierre Bachelet
27%
Rachid Taha
7%
Aucun quiz correspondant
Distribution des résultats
% des personnes avec chaque résultat
Percentile par nombre de réponses
Votre historique - résultats
Vous n’avez pas pris ce quiz